LEADER 01503nam a2200241 i 4500 001 000000259107 003 CaOOAMICUS 005 20221223145352.0 008 180703s1761 it u000 u lat u 013 $a238015 026 $aMEi, *.IT s,i- cota (3) 1761 (R) 040 $aSeMil$bita 100 1 $aFrisi, Paolo,$d<1728-1784>.$0(OLS)http://semarc/name/71088 245 10$aTomus secundus, in quo habentur 1. De inaequalitatibus motus planetarum omnium in orbitis circularibus, atque ellipticis libri duo. 2. De methodo fluxionum geometricarum, & ejus usu in investigandis praecipuis curvarum affectionibus dissertatio. .. 260 $aLucae :$bApud Vincentium Junctinium,$c1761. 300 $a[12], 236 p., [5] carte di tav. ripieg. :$bill. calcogr. ;$c4°. 500 $aSegn.: *6 A-2E4 2F6 773 0 $aFrisi, Paolo <1728-1784>$tPaulli Frisii Mediolanensis ... Dissertationum variarum tomus primus [-secundus].$dLucae : Apud Vincentium Junctinium, 1759-1761.$g2$w()17508 850 $aSeMil 852 $aSeMil$W1$xVenegono$y1$m3W V 122 FA$j209452$B209452$CSeMilBibl$Z2$F223112 $8I 996 $6245$aTomus secundus, in quo habentur 1. De inaequalitatibus motus planetarum omnium in orbitis circularibus, atque ellipticis libri duo. 2. De methodo fluxionum geometricarum, & ejus usu in investigandis praecipuis curvarum affectionibus dissertatio. ..$9(OLS)http://semarc/title/413937 996 $6260$aLucae :$bApud Vincentium Junctinium$9(OLS)http://semarc/publisher/56066 LEADER 01201nam a2200277 i 4500 001 000000189107 003 CaOOAMICUS 005 20100430000000.0 008 100430s1965 it u000 u ita u 013 $a167362 040 $aSeMil$bita 240 10$aAnthropology of folk religion.$0(OLS)http://semarc/title/272265 245 10$aUomo e mito nelle società primitive /$csaggi di antropologia religiosa a cura di Charles Leslie. 250 $a[Ed. italiana. 260 $aFirenze :$bSansoni,$c1965. 300 $aVI, 499 p. ;$c20 cm. 490 0 $aBiblioteca Sansoni ;$v2 650 4$aAntropologia religiosa.$0(OLS)http://semarc/subject/2795 650 4$aReligioni primitive.$0(OLS)http://semarc/subject/72 700 1 $aTentori, Tullio <1920-2003>.$0(OLS)http://semarc/name/4968 700 1 $aLeslie, Charles M. <1923->.$0(OLS)http://semarc/name/69243 830 0$aBiblioteca Sansoni ;$v2.$0(OLS)http://semarc/title/7243 850 $aSeMil 852 $aSeMil$W1$xVenegono$y1$m2X IV 209$j139739$B139739$CSeMilBibl$Z2$F151334 $81 996 $6245$aUomo e mito nelle società primitive$9(OLS)http://semarc/title/272264 996 $6260$aFirenze :$bSansoni$9(OLS)http://semarc/publisher/29843